[Event "Budapest zt-A"]
[Site "Budapest"]
[Date "1993.??.??"]
[Round "3"]
[White "Georgiev, Kiril"]
[Black "Gdanski, Jacek"]
[Result "1/2-1/2"]
[WhiteElo "2660"]
[BlackElo "2480"]
[Annotator "Ribli,Z"]
[PlyCount "57"]
[EventDate "1993.03.??"]
[EventType "tourn"]
[EventRounds "11"]
[EventCountry "HUN"]
[EventCategory "11"]
[SourceTitle "CBM 034"]
[Source "ChessBase"]
[SourceDate "1993.06.01"]
[SourceVersion "1"]
[SourceVersionDate "1993.06.01"]
[SourceQuality "1"]

1. Nf3 Nf6 2. c4 c5 3. Nc3 Nc6 4. g3 g6 5. Bg2 Bg7 6. d4 cxd4 7. Nxd4 O-O 8.
O-O Nxd4 9. Qxd4 d6 10. Qd3 a6 $5 11. Bd2 Rb8 12. Rac1 Nd7 $5 (12... b5 13.
cxb5 axb5 14. Nxb5 Bf5 15. e4 Nxe4 16. Bxe4 Bxe4 17. Qxe4 Rxb5 18. b4 $14 {
Georgiev,Ki-Gufeld,E Calcutta 1992 EXP/27 54/47}) (12... Bd7 13. Rfd1 (13. c5
$5 $14 Ne8 14. Bg5 h6 15. Be3 $14 {Ye Roungguang-Gelfand,B Novi Sad ol 1990 50/
56}) 13... Bc6 14. e4 Nd7 15. Qe2 b5 16. b3 bxc4 17. Qxc4 Bb7 18. Nd5 $14 {
Ehlvest,J-De Firmian,N Manila izt 1990 CBM/19}) 13. b3 Nc5 14. Qe3 (14. Qb1 b5
15. cxb5 axb5 16. Nd5 Bb7 17. Bg5 Bxd5 18. Bxd5 Qd7 $10 {Uhlmann,W-Smejkal,J
Arandelovac 1976}) 14... b5 15. Nd5 (15. cxb5 axb5 16. Nd5 e6 $6 (16... Be6 $5)
17. Nb4 $14 {Webb-Browne New York 1973}) 15... Be6 16. Rfd1 (16. cxb5 $5 axb5
17. Rfd1) 16... Bxd5 17. cxd5 (17. Bxd5 b4 $10) 17... b4 $1 18. Bh3 a5 19. Rc4
Rb5 20. Rdc1 Qb8 21. Bg4 (21. Qxe7 Re8 22. Qg5 Rxe2 $13) 21... Qa7 22. h4 Rfb8
23. h5 a4 24. h6 Bf8 (24... Bf6 $6 25. Rf4 {/\ Qf3,Rxf6}) 25. R4c2 Ra5 26. Rc4
Rab5 27. R4c2 Ra5 28. Rc4 Rab5 29. R4c2 1/2-1/2

[Event "Terres Catalanes 15th"]
[Site "Ampuriabrava"]
[Date "1997.09.24"]
[Round "8"]
[White "Izeta Txabarri, Felix"]
[Black "Sion Castro, Marcelino"]
[Result "1-0"]
[WhiteElo "2525"]
[BlackElo "2435"]
[Annotator "Ribli,Z"]
[PlyCount "101"]
[EventDate "1997.09.17"]
[EventType "tourn"]
[EventRounds "9"]
[EventCountry "ESP"]
[EventCategory "10"]
[SourceTitle "CBM 062"]
[Source "ChessBase"]
[SourceDate "1998.01.31"]
[SourceVersion "1"]
[SourceVersionDate "1998.01.31"]
[SourceQuality "1"]

1. d4 Nf6 2. Nf3 {Auf diese Weise kann Weiß z.B. das Wolga-Gambit - 2.c4 c5 3.
d5 b5 -verhindern.Ribli.} g6 3. c4 Bg7 4. g3 c5 5. Bg2 (5. d5 b5 (5... O-O 6.
Bg2 d6 7. O-O e6 8. Nc3 exd5 9. cxd5 {Dies ist die Fianchetto-Variante der
Benoni-Verteidigung.}) 6. cxb5 Qa5+ $5 (6... a6 7. bxa6 {Hier haben wir die
Fianchetto-Variante des Wolga-Gambits vor uns.})) 5... cxd4 (5... Qa5+ {
Das ist eine seltene - aber spielbare - Nebenvariante der Königsindischen
Verteidigung. Mit dem Damenschach möchte Schwarz die normale weiße Entwicklung
verhindern.}) 6. Nxd4 Nc6 7. Nc3 O-O 8. O-O Ng4 {Das ist eine heutzutage
populäre Variante. Fischer spielte diesen Zug schon im Jahre 1960!} (8... d6 9.
Nxc6 bxc6 10. Bxc6 Rb8 $44 {Schwarz bekommt positionellen Druck am Damenflügel
für den geopferten Bauern.}) (8... Nxd4 9. Qxd4 d6) 9. e3 d6 {Schwarz bietet
ein Bauernopfer an, dessen Annahme für Weiß unangenehme Folgen hätte. Die Idee
von Schwarz -und die Pointe des Systems- besteht darin, die Diagonale für den
Bg7 zu öffnen und nach dem eventuellen Tausch - 10...Nc6xd4 11.exd4- Nh6 mit
der Idee 12...Nf5 zu spielen. Mit dem Textzug verhindert Weiß diese Idee.} 10.
Nde2 (10. Bxc6 $6 bxc6 11. Nxc6 Qd7 $44 12. Nd5 Re8 13. Qf3 Bb7 14. Na5 (14.
Ncxe7+ Kf8 {[%cal Gb7h1]} (14... Rxe7 15. Nxe7+ Qxe7 16. Qxg4)) 14... Ba6 $17)
(10. Nce2 Nxd4) 10... Bd7 (10... Qa5 11. Nd5 Bd7 12. Bd2 Qd8 13. Bc3 Bxc3 14.
Nexc3 Nge5 15. b3 {1/2-1/2 Wojtkiewicz,A-Adorjan,A/Budapest zt-A 1993/CBM 34 
(38)}) 11. b3 {Weiß entwickelt seine Figuren in aller Ruhe, während der Ng4
nicht besonders gut platziert ist.} a6 12. Bb2 $5 (12. h3 Nf6 (12... Nh6 13.
Bb2 Rb8 14. Qd2 Nf5 15. Rfd1 b6 16. Rac1 Rc8 17. Kh2 Bh6 18. f4 Bg7 19. e4 Nfd4
20. Nxd4 Nxd4 21. Nd5 {1/2-1/2 Fridman,D-D'Israel,D/Maccabiah 1993/EXT 97 (53)}
) 13. Bb2 Qa5 14. Qd2 {1/2-1/2 Davies,N-Berg,K/Copenhagen op 1988/TD 88\05})
12... Rb8 13. h3 Nf6 (13... Nge5 $2 14. f4 $18) 14. a4 {Weiß verhindert den
potentiellen Befreiungszug b7-b5. Dafür erhlät Schwarz starke Kontrolle über
das Feld b4.} Qb6 (14... Ne8 $2 {[%cal Ge8c7,Gb7b5]}) 15. Rb1 Rfc8 16. Nf4 $14
{[%csl Yd5] Weiß übt positionellen Druck aus, insbesondere das Feld d5 ist ein
Schwachpunkt im schwarzen Lager. Abgesehen davon hat Schwarz jedoch eine
solide Stellung.} Nb4 {[%csl Gb4]} (16... Qd8 {Die Dame steht nicht so gut auf
b6, und da der Königsturm schon nach c8 gezogen ist, kann Schwarz diesen
Rückzug durchführen.}) 17. Qd2 a5 18. e4 Bc6 19. Ncd5 {[%csl Gd5] Nach diesem
Zug befindet sich Weiß positionell im Vorteil. Obwohl Schwarz keine besonderen
Schwächen zu beklagen hat, ist es nicht leicht, Gegenspiel für ihn zu finden.}
Bxd5 (19... Nbxd5 20. exd5 {[%cal Gf1e1,Ge1e7]} Bd7 21. Bc3 Ra8 22. Rfe1 $14) (
19... Nfxd5 20. exd5 Bd7 21. Bxg7 Kxg7 22. Rfe1 {[%csl Re7]} Re8 23. h4 $14 {
[%csl Rg7]}) 20. exd5 Re8 21. Rfe1 {[%csl Re7] Weiß hat das Läuferpaar und
Raumvorteil. Zudem ist der schwarze Pe7 leicht anzugreifen.} Na6 {[%cal Ga6c5]
Schwarz verbessert die Stellung seines Springers, der auf b4 in der Luft hängt.
} 22. h4 {[%cal Gg2h3,Gh3c8] Weiß besitzt Initiative am Königsflügel. Sein Bg2
kommt nun auf der Diagonale h3-c8 ins Spiel.} h5 23. Bh3 {[%csl Gh3]} Nc5 24.
Qc2 {[%cal Gc2g6]} Qc7 (24... Qxb3 25. Qxb3 Nxb3 26. Bxf6 $18 {[%cal Rb1b3]}) (
24... Nxb3 25. Bxf6 $18 {[%cal Rb1b3]}) 25. Re3 {[%csl Ge3][%cal Ge3b3,Ge3e7]
Ein vielseitig angelegter Turmzug. Weiß verteidigt die potentielle Schwäche b3
und bereitet die Turmverdoppelung in der d-Linie vor.} Ncd7 26. Rbe1 Nf8 {
[%cal Gf8g6] Der ehemals so stolze Springer verteidigt jetzt den Punkt g6.} 27.
Qe2 $16 {[%cal Re1e7] Der Bauer auf e7 ist so schwach, daß Schwarz ihn nicht
mehr verteidigen kann. Er hat jedoch Spiel gegen den b3-Bauern.} Qb6 28. Qf3 (
28. Rxe7 $2 Rxe7 29. Qxe7 Re8 $17) 28... Qc7 29. Qe2 (29. Bd4) 29... Qb6 30.
Qf3 Qc7 31. Bd4 {Weiß kann wegen dreimaliger Stellungswiederholung nicht 31.
Qe2 spielen. Der Läuferzug nimmt Schwarz das Feld b6.} N8h7 32. Qe2 {[%csl Re7]
} Kf8 33. Qd3 {[%cal Rd3g6] Das droht die kleine Kombination 34.Qxg6 fxg6 35.
Ne6+ mit weißem Gewinn.} (33. Qb2 $5 {Die schwarze Stellung ist lahmgelegt. Es
droht die Mobilisierung der Bauern am Königsflügel mit f2-f3 und g3-g4. Es ist
schwer vorstellbar, daß Schwarz seine Stellung verteidigen kann.}) 33... Kg8
34. Qe2 Kf8 35. Be6 {Eine sogenanntes passives Opfer. Schwarz muß den Läufer
nicht nehmen.} Kg8 36. Qc2 {[%csl Rf7,Rg6,Rg8] Es droht 37.Qxg6 oder 37.Bxf7
Kxf7 38.Qxg6 nebst 39.Ne6.} Nf8 $8 37. Bh3 Ng4 $5 {Dieser Springerzug
verschafft dem Schwarzen etwas Luft.} 38. Re4 (38. Bxg4 Bxd4 39. Re4 Bg7 $14 (
39... Bxf2+ 40. Qxf2 hxg4 41. Qe2 Nh7 42. Rxe7 (42. Qxg4 Nf6) 42... Qb6+ $13))
38... Bxd4 39. Rxd4 Ne5 40. Qe2 $6 (40. Rde4 b5 41. axb5 Rxb5 {[%cal Gc7c2]})
40... Qb6 {[%csl Rb3,Rd4][%cal Rb6b3,Rb6d4]} 41. Re4 (41. Qe3 $2 Qxd4 42. Qxd4
Nf3+ $19) 41... Qxb3 $15 42. Kg2 {Weiß verhindert die Möglichkeit 42...Nf3.} b6
(42... Qxa4 $5 $15 43. c5 {[%cal Re4a4]}) 43. Nxh5 $5 {Ein riskantes
Figurenopfer, aber wie sonst? Nach der Partiefortsetzung bekommt er
Angriffchancen am Königsflügel. Anderseits das Opfer ist erzwungen, sonst
befreit sich Schwarz mit ...Nf8-h7-f6.} gxh5 44. Qxh5 {[%csl Rg8][%cal Rh3f5]
Weiß hat nur einen Bauern für die Figur bekommen, aber die schwarze
Königstellung ist sehr anfällig.} e6 $2 (44... Nfg6 45. R1e3 (45. f4 Nd3 46.
R1e2 Nc5 47. f5 Nxe4 48. fxg6 Qxg3+ $19) 45... Qb2 $17) 45. Qg5+ Kh7 (45...
Nfg6 46. dxe6 fxe6 47. h5 $16) (45... Neg6 46. dxe6 (46. h5 Nh7) 46... fxe6 47.
h5 $16) (45... Kh8 $5) 46. R1e3 Qb2 {[#]} 47. Rxe5 $1 {Das schöne Turmopfer
führt zu entscheidendem Angriff.} dxe5 48. Rf3 {[%csl Gh7][%cal Rf3f7] Schwarz
hat einen ganzen Turm mehr, aber um seinen König wird ein Mattnetz geknüpft.}
Rb7 (48... e4 49. Rxf7+ Kh8 50. dxe6 $40 Nh7 51. Rxh7+ Kxh7 52. Bf5+ Kh8 53.
Qh6+ Kg8 54. Qh7+ Kf8 55. Qf7#) (48... f5 49. dxe6 $1 $40 (49. Bxf5+ exf5 50.
Rxf5 e4 51. Rf7+ (51. Qh5+ Kg8 52. Rg5+ Qg7 $13) 51... Kh8 52. Qh6+ Kg8 $19) (
49. Rxf5 exf5 50. Bxf5+ Kh8 $19) 49... e4 (49... Rxe6 50. Bxf5+ Kh8 51. Bxe6
Nxe6 52. Qh6+ $18) 50. Rxf5 Rb7 51. Rf7+ Rxf7 52. exf7 Re5 53. Qg8+ $18) 49.
Rf6 Ng6 (49... Kh8 50. dxe6 $40) 50. dxe6 $18 Rg8 51. Bf5 {Und Schwarz gab auf,
denn es gibt keine Verteidigung mehr. Ribli.} (51. Bf5 fxe6 52. Bxg6+ Rxg6 53.
Qxg6+ Kh8 54. Rf8#) 1-0

[Event "St Petersburg-ch"]
[Site "St Petersburg"]
[Date "1998.04.18"]
[Round "11"]
[White "Taimanov, Mark E"]
[Black "Solozhenkin, Evgeniy"]
[Result "0-1"]
[WhiteElo "2490"]
[BlackElo "2500"]
[Annotator "Ribli,Z"]
[PlyCount "66"]
[EventDate "1998.04.07"]
[EventType "tourn"]
[EventRounds "13"]
[EventCountry "RUS"]
[EventCategory "10"]
[SourceTitle "CBM 065"]
[Source "ChessBase"]
[SourceDate "1998.08.06"]
[SourceVersion "1"]
[SourceVersionDate "1998.08.06"]
[SourceQuality "1"]

1. Nf3 Nf6 2. c4 g6 3. g3 Bg7 4. Bg2 c5 5. d4 cxd4 (5... Qa5+ $5 6. Nc3 Ne4 7.
Bd2 Nxd2 8. Qxd2 cxd4 9. Nxd4 {Weiß hat Entwicklungsvorsprung und Raumvorteil,
aber der Schwarze hat eine feste Stellung und besitzt das Läuferpaar. Ribli.})
6. Nxd4 Nc6 7. Nc3 O-O 8. O-O (8. Nc2) 8... Ng4 {Dieser Springerzug scheint
auf den ersten Blick sonderbar. Schwarz öffnet dem Läufer g7 die Diagonale,
wobei der Springer nach e5 strebt oder in einigen Varianten (z.B. 9.e3 Nxd4 10.
exd4) über h6 nach f5 gelangt.} (8... Nxd4) (8... d6 9. Nxc6 bxc6 10. Bxc6 Rb8
$44) 9. e3 d6 10. Nxc6 $6 (10. Bxc6 bxc6 11. Nxc6 Qd7 12. Nd4 $5 (12. Nd5 Re8
13. Qf3 Bb7 14. Ncxe7+ Kf8 15. Nxg6+ hxg6 {0-1 Hobuss,W-Rechmann,P/Dortmund op
1991 (23)}) 12... Nf6 (12... Bb7 $5) 13. e4 Bb7 14. f3 Rfc8 15. Qd3 e6 16. Ndb5
d5 17. cxd5 exd5 18. e5 $1 Ne8 19. Re1 Ba6 20. a4 Nc7 21. Bf4 Rd8 22. Rad1 Bxb5
23. Nxb5 Ne6 24. Bc1 Rab8 25. b3 Nc5 26. Qe3 Nxb3 27. Qxb3 a6 28. Bg5 $1 {
1-0 Almasi,I-Madl,I/Budapest FS08 GM 1997 (37)}) (10. b3 $5 {Das ist die beste
weiße Fortsetzung. Nach möglichem 10...Nxd4 11.exd4 Nh6 12.Bd2 Rb8 oder etwa
10...a6 11.Bb2 Nxd4 12.exd4 Rb8 ist die Stellung ungefähr gleich.}) 10... bxc6
11. Bxc6 Rb8 12. Bg2 (12. Bf3 Ne5 13. Be2 Ba6 14. b3 Nxc4 {[%cal Rg7a1]} 15.
Qc2 Qa5 $17 {Und Schwarz entfaltet in materiell gleicher Stellung große
Aktivität. Soweit die Stammpartie der Variante 8...Ng4 (Saidy - Fischer,Mar
del Plata,1960).}) 12... Ne5 {[%csl Ge5][%cal Gb8b2,Gg7a1]} 13. Nb5 (13. Qa4
Qd7 14. Qc2 (14. Qxd7 Bxd7 15. Nb5 Nxc4 16. Nxa7 Rb6 17. Rd1 Ba4 18. b3 Bxa1
19. bxa4 Bf6 20. Bf1 Rb4 {0-1 Shuraev,A-Kirov,N/Novi Sad 1992}) 14... Nxc4 15.
b3 Ne5 16. Bb2 Ba6 17. Rfd1 {Mitra,S-Murugan,K/Calcutta 1988/1/2-1/2 (61)}) (
13. Qe2 Ba6 {[%csl Rc4]} 14. b3 Nxc4 15. bxc4 Bxc3 $17) (13. b3 Nxc4 {[%cal
Rg7a1]} 14. Qc2 Qa5 $17) 13... Ba6 $1 (13... Nxc4 14. Nxa7 $13 {[%csl Ga7,Rb2,
Gb8,Gc4,Yc6,Gg7][%cal Ra7c6,Rc6d8,Rc6b8]}) 14. Nd4 (14. Qe2 $5 d5 $5 (14...
Nxc4 15. Nxa7 $13 {[%cal Ra7c6,Rc6d8,Rc6b8]} (15. Qxc4 Bxb5 $17 {[%cal Rb5f1]})
) 15. Rd1 (15. Bxd5 Bxb5 16. cxb5 Qxd5 $19) (15. Nxa7 Bxc4 $17 {[%cal Rc4f1]}))
14... Bxc4 $15 15. Re1 Nd3 {[%csl Gc4,Gd3,Gg7]} 16. Bf1 (16. Nc6 Qd7 17. Nxb8
Rxb8 18. Re2 (18. Bf1) 18... Nxc1 19. Rxc1 Bxe2 20. Qxe2 Rxb2 $17) (16. Re2
Nxc1 {[%cal Rc4e2]}) 16... Nxe1 17. Bxc4 {Schwarz hat eine Qualität mehr,
scheint aber den Springer auf e1 zu verlieren.} {[#]} Qc8 $1 {[%csl Gc8][%cal
Rc8c4] Dieser Damenzug rettet den Materialvorteil.} 18. Bb3 (18. Bf1 Bxd4 19.
exd4 Nc2 $17) 18... e5 19. Ne2 (19. Nf3 Nxf3+ 20. Qxf3 Kh8 $17) (19. Nc2 Nxc2
20. Bxc2 d5 $17) 19... Nf3+ 20. Kg2 Ng5 $17 {[%csl Rg2][%cal Rc8h3] Neben der
Mehrqualität droht Schwarz jetzt auch Mattangriff mit 21...Qh3 und 22...Nf3.}
21. Ng1 Ne4 22. f3 (22. Bd5 Nf6 $17) 22... Nc5 (22... Ng5 23. Qxd6) 23. Ne2 (
23. Qxd6 Rd8 24. Qe7 Rd7 {[%csl Re7]} 25. Qh4 (25. Bxf7+ Kh8 $19 {[%cal Rd7f7]}
) 25... Nxb3 26. axb3 Qc2+ $19 {[%csl Gc2,Gd7,Rg2]}) 23... Qa6 24. Bd5 {
[%csl Gd5] Zwar steht der weiße Läufer wirklich gut auf d5, aber der schwarze
Materialvorteil ist trotzdem leicht zu verwerten.} Nd3 25. Rb1 Rfc8 {[%csl Ga6,
Gb8,Gc8,Gd3,Gg7] Alle schwarzen Figuren stehen aktiv.} 26. Bb3 Nc5 27. Bc2 (27.
Bd5 Qd3 $19) 27... d5 28. b4 (28. Nc3 d4 29. exd4 exd4 30. Nd5 {[%cal Rd5e7,
Re7g8,Re7c8]} Qe6 31. Nf4 Qxa2 $19) 28... Ne6 29. a4 (29. Bb3 Rxb4 $19) 29...
Qc6 {[%cal Rc8c2]} 30. Bd3 (30. Bb3 Rxb4 31. Bxd5 Qxa4 32. Qxa4 Rxa4 $19) 30...
e4 $19 31. Bb5 Qc2 {[%csl Gc2,Rg2]} 32. Bd2 exf3+ 33. Kxf3 Ng5+ {und Weiß gab
in dieser völlig hoffnungslosen Stellung auf.} (33... Ng5+ 34. Kg2 (34. Kf2
Ne4+ $19) 34... Qe4+ $19 {[%csl Ge4,Rg2,Gg5]}) 0-1

[Event "USA-ch"]
[Site "Seattle"]
[Date "2003.01.13"]
[Round "5"]
[White "Donaldson, John W"]
[Black "Watson, John L"]
[Result "1/2-1/2"]
[WhiteElo "2399"]
[BlackElo "2345"]
[Annotator "Ribli,Z"]
[PlyCount "55"]
[EventDate "2003.01.09"]
[EventType "swiss"]
[EventRounds "9"]
[EventCountry "USA"]
[SourceTitle "CBM 093"]
[Source "ChessBase"]
[SourceDate "2003.04.01"]
[SourceVersion "1"]
[SourceVersionDate "2003.04.01"]
[SourceQuality "1"]

1. c4 c5 2. Nf3 Nf6 3. Nc3 Nc6 4. d4 cxd4 5. Nxd4 g6 6. g3 (6. e4 {Dieser Zug
wäre - nach meiner Meinung - die beste Fortsetzung für Weiß, wonach wir die
sogenannte Maroczy-Variante der Sizilianischen Verteidigung vor uns haben.})
6... Bg7 7. Bg2 O-O 8. O-O Nxd4 (8... Ng4) 9. Qxd4 d6 10. Qd3 Be6 {Das ist
eine sehr scharfe Fortsetzung - Schwarz opfert den b7-Bauern.} (10... Qa5) (
10... a6) 11. Bxb7 (11. b3 $6 d5 $36) (11. Bd2 Nd7 12. b3 Rb8 $11) 11... Rb8
12. Bg2 Qa5 (12... Rc8 13. Nd5 (13. b3 d5 $36) 13... Nxd5 14. cxd5 Bd7 15. Bg5
Bxb2 16. Rab1 $14) 13. b3 Rxb3 (13... Ng4 14. Bd2 Qh5 15. h3 Ne5 16. g4 Nxd3
17. gxh5 Bxc3 18. Bxc3 Nf4 19. Bf3 $1 $14 {[%csl Gc3,Gf3] Schwarz kann das
Material zurückgewinnen, aber das weiße Läuferpaar ist stark.}) 14. axb3 Qxa1
15. Bd2 (15. Nb5 Qa2 16. Nd4 Bd7 17. Bd2 Qa6 (17... Rb8 18. Bc3 Qa6 19. Ra1 Qb6
20. Ra3 Ng4 21. e3 Qc5 22. Ra5 Qb6 23. h3 Ne5 24. Qd2 a6 25. Qa2 Bc8 26. b4 Qc7
27. c5 {1-0 Ribli,Z-Weiss,C/AUT 1996/EXT 99 (33)}) 18. b4 (18. Bc3) 18... Ng4
19. f4 Qb6 20. e3 e5 21. Nb3 Bf5 22. Be4 Bxe4 23. Qxe4 exf4 24. gxf4 $13 f5 25.
Qd3 Re8 26. b5 Qd8 27. h3 Qh4 28. Qd5+ Kh8 {1-0 Filippov,V-Nay Oo Kyaw Tun/
Shanghai 2000/CBM 76 (28)}) 15... Qa6 16. Nb5 Rb8 (16... Nd7 17. Nc7 Qa2 18.
Nxe6 fxe6 19. Qe3 e5 20. b4 {1-0 Quinteros,M-Jimenez Zerquera,E/Cienfuegos
1972/EXT 99 (41)}) 17. Bc3 (17. Rb1 Bf5 18. e4 Bd7 19. Nc3 Be6 20. h3 Nd7 21.
Qc2 Qc8 22. Bg5 Nf6 {1-0 Nezar,M-Pimenta,A/Metz 2002/CBM 87 ext (61)}) 17... d5
18. Nc7 (18. Ra1 dxc4 19. bxc4 Bxc4 $1 20. Qxc4 Qxb5 21. Qxb5 Rxb5 22. Rxa7
Rb1+ 23. Bf1 Ne4 $132) 18... Qa3 19. Nxe6 Rxb3 (19... fxe6 $2 20. Qe3 $16) 20.
Bxd5 Rxc3 21. Qd4 {[%mdl 4] Ich muss bemerken, dass die Partie Lagunow,A. -
Teske,H. Deutschland 1995 wurde hier Remis gegeben.} (21. Rb1 $2 {[%cal Rb1b8,
Rb8g8]} h6 $1 $19) 21... Bh8 (21... fxe6 $2 22. Bxe6+ Kf8 23. Qd8+ Ne8 24. Bd7
Bf6 25. Qxe8+ Kg7 26. Be6 $18) (21... h6 22. Nxg7 Kxg7 23. Kg2 $11) 22. Nd8 (
22. Ng5 e6 23. Bf3 $11) 22... Nxd5 (22... e6 23. Bf3 $11) 23. Qxd5 e6 24. Nxe6
$11 {[%mdl 512] Dieses Springeropfert führt zu ewigem Schach.} (24. Qa8 $2 Qf8
25. Rd1 Bf6 26. Qc8 a5 $36) 24... fxe6 25. Qxe6+ Kf8 26. Qc8+ Kg7 27. Rd1 {
[%cal Rd1d7,Rd7g7]} Rc1 28. Qd7+ {Und Remis gegeben wegen ewigem Schach.} (28.
Qd7+ Kg8 (28... Kh6 $4 29. Qd2+) 29. Qd8+ $11) 1/2-1/2

[Event "EU-Cup 16th"]
[Site "Neum"]
[Date "2000.09.26"]
[Round "3.2"]
[White "Lalic, Bogdan"]
[Black "Krasenkow, Michal"]
[Result "1-0"]
[WhiteElo "2520"]
[BlackElo "2702"]
[Annotator "Ribli,Z"]
[PlyCount "51"]
[EventDate "2000.09.24"]
[EventType "team-swiss"]
[EventRounds "7"]
[EventCountry "BIH"]
[SourceTitle "CBM 080"]
[Source "ChessBase"]
[SourceDate "2001.01.25"]
[SourceVersion "1"]
[SourceVersionDate "2001.01.25"]
[SourceQuality "1"]
[WhiteTeam "Zagreb Zrinjevac"]
[BlackTeam "Warsaw Polonia"]
[WhiteTeamCountry "CRO"]
[BlackTeamCountry "POL"]

1. d4 Nf6 2. c4 g6 3. g3 c5 4. Nf3 cxd4 5. Nxd4 Nc6 (5... d5 $5 {Meiner
Meinung nach bietet diese natürliche Fortsetzung Schwarz ausgezeichnete
Ausgleichschancen.}) 6. Bg2 Bg7 7. Nc3 O-O 8. O-O (8. Nc2) 8... Ng4 {Dieser
Zug ist in letzter Zeit populär, aber die Alternative 8...Nxd4 scheint mir
solider. Mit dem Textzug öffnet Schwarz die Diagonale des Bg7, und in vielen
Varianten wandert der Köngisspringer über e5 an den Damenflügel.} 9. e3 d6 10.
h3 {Die Annahme des Bauernopfers anstelle der Partiefortsetzung - entweder mit
10.Nxc6 bxc6 11.Bxc6 Rb8 oder mit 10.Bxc6 bxc6 11.Nxc6 Qd7 - verschafft
Schwarz Gegenspiel.} (10. Nce2) (10. Nde2) 10... Nge5 (10... Nxd4 11. exd4 Nh6
12. g4) 11. b3 Bd7 (11... Nxd4 12. exd4 Nc6 13. Be3 a6 (13... e5 $6 14. dxe5
dxe5 15. Bc5 Re8 16. Qxd8 Rxd8 17. Rad1 Bd7 18. Nb5 $14 {Manor,I-Lendwai,R/
Borsodtavho/1991/EXP23/}) 14. Rc1 Rb8 15. Re1 Re8 16. d5 Ne5 17. Ba7 Ra8 18.
Bd4 Nd7 19. Bxg7 Kxg7 20. Qd4+ Kg8 21. Ne4 (21. Rc2 $5 Nf6 22. g4 $14) 21... b5
22. cxb5 axb5 23. Rc2 $5 {1-0 Nielsen,P-Brynell,S/Aars 1995/CBM 50/[Ribli] (84)
}) (11... a6 12. Bb2 Bd7 (12... Rb8 $5) 13. Nc2 Qa5 14. Qe2 b5 15. cxb5 axb5
16. Nd1 f5 17. f4 Nf7 18. Bxg7 Kxg7 19. Nd4 Nxd4 20. exd4 Rae8 21. Nf2 $14 {
Butnoris,A-Kuzmin,G/St.Petersburg/1992/CBM30/}) 12. Nde2 $1 {Weiß verhindert
das mögliche 13...Nxd4, wonach der Ne5 nach c6 gelangen kann. Der Textzug
stellt Schwarz vor Probleme bei der Platzierung des Ne5.} Be8 (12... Nb4 13. e4
a5 14. Be3 f5 15. a3 Na6 16. exf5 Bc6 17. f4 Nd7 18. fxg6 hxg6 19. Rb1 {
1-0 Averbakh,Y-Nezhmetdinov,R/Baku 1961/URS-ch (29)}) 13. Bb2 a6 14. f4 Nd7 {
Schwarz hat endlich mit d7 ein Feld für seinen Springer gefunden, aber durch
das Manöver über f6-g4-e5-d7 hat er viel Zeit verloren.} 15. Qd2 $14 {Weiß hat
Raumvorteil und freies Figurenspiel, während Schwarz sich vor Problemen bei
der Koordinierung seiner Figuren sieht.} Rc8 16. Rfd1 Qa5 $2 {[%mdl 16384] Das
ist eigentlich ein typischer Zug in solchen Stellungen, hier aber ist es - da
Schwarz nicht b7-b5 spielen kann - nur ein Zeitverlust.} (16... Nc5) 17. a3 Qd8
{Das ist interessant. Der schwarze Spieler, der sehr stark in taktischen
Stellungen ist, räumt mit den Zügen 16...Qa5 und 17...Qd8 ein, daß er keinen
keinen Spielplan hat.} (17... b5 18. b4 $16) 18. Nd5 Bxb2 19. Qxb2 $16 {
[%csl Gb2,Gd5][%cal Gb2h8,Gd1d8] Die weiße Dame steht ausgezeichnet auf der
großen schwarzen Diagonale, und der Nd5 domoniert das Brett.} b5 {Dieser Zug
erschwaecht den schwarze Damenfluegel und besonders die c6-Springerstellung,
aber guter Rat ist teuer.} (19... e6 20. Ndc3 $16 {[%csl Rd6]}) 20. Rac1 bxc4
21. Rxc4 Nb6 {Es scheint, als sollte sich Schwarz mit diesem Springertausch
befreien können.} 22. Nxb6 Qxb6 23. Nc3 $1 {Eine ausgezeichnete Idee - Weiß
beschäftigt sich gar nicht mit der Verteidigung des Pe3, sondern strebt das
Feld d5 mit seinem Springer an.} Bd7 $6 (23... Qxe3+ 24. Kh2 Qa7 25. Rc1 (25.
Nd5 $6 Bd7 $14) 25... Bd7 26. Bxc6 Bxc6 (26... Rxc6 $2 27. Nd5 $18) 27. Nd5
Bxd5 28. Rxc8 f6 $16) {[#]} 24. Rxd6 $3 $18 {[%mdl 64] Dieses Turmopfer ist
schön und kommt unerwartet. Wie zuvor verteidigt Weiß den Pe3 erst gar nicht.}
Qxe3+ (24... exd6 25. Nd5 $18 {[%csl Rg8][%cal Rd5b6]}) 25. Kh2 {[%csl Rc6,Rd7,
Rg8]} Ne5 (25... Rfd8 26. Rd1 $1 (26. Rd2 $2 Be6 $1 27. Rxd8+ Nxd8 28. Rxc8
Bxc8 29. Nd5 Qa7 30. Qd2 Be6 31. Nf6+ exf6 32. Qxd8+ Kg7 33. Qd3 $14) 26... Qe6
(26... Qb6 27. Na4 Qb5 28. Rc5 Qb7 29. Qc2 $18) 27. Nd5 $18) 26. Rxc8 (26. Rxc8
Bxc8 (26... Rxc8 27. Nd5 $18) 27. Nd5 Nd3 28. Nxe3 Nxb2 29. Rd2 $18 {[%csl Rb2]
[%cal Rd2b2]}) 1-0